Science Quiz

Random Science or Minefield Quiz

Periodic Table Without 'M' Quiz Stats

 Plays Quiz Updated Feb 11, 2019

Support Sporcle.
Go Orange.
Score 0/30 Timer 05:00
2 Plays Today
% Correct
???
90.4%
???
88.5%
???
84.8%
???
82.8%
???
82.7%
???
80.7%
???
80.5%
???
74.2%
???
74.1%
???
73.2%
???
72.5%
???
72.2%
???
72.1%
???
71.4%
???
71%
% Correct
???
68.9%
???
68.8%
???
65.7%
???
63.3%
???
62.1%
???
61.8%
???
59.6%
???
59.2%
???
58.9%
???
57.8%
???
51.6%
???
45.1%
???
37%
???
23.7%
???
21.3%

You're not logged in!

Compare scores with friends on all Sporcle quizzes.
OR
Log In

From the Vault

One Face, Two Characters

by KStericker

This sounds like it should be Harvey Dent's favorite quiz.
Remove Ads.
Support Sporcle.
Get the best of Sporcle when you Go Orange. This ad-free experience offers more features, more stats, and more fun while also helping to support Sporcle. Thank you for becoming a member.

Show Comments

Extras

Top Quizzes Today


Score Distribution

Your Account Isn't Verified!

In order to create a playlist on Sporcle, you need to verify the email address you used during registration. Go to your Sporcle Settings to finish the process.

Report this User

Report this user for behavior that violates our Community Guidelines.

Details: